Pays qui ont accueilli le Grand départ d'un Grand Tour - Statistiques

Statistiques générales
  • Ce quiz a été pris 106 fois
  • Le résultat moyen est 17 sur 20
Statistiques - réponses
Nombre de départs Dernier départ Pays % Correct
96 (94+1+1) Vuelta 2025 Italie
100%
76 (0+2+74) Vuelta 2023 Espagne
99%
88 (1+86+1) Tour 2025 France
99%
1 (0+1+0) Tour 2017 Allemagne
98%
3 (0+3+0)* Tour 1987 Allemagne de l'Ouest
98%
1 (0+1+0) Tour 1982 Suisse
96%
7 (2+5+0) Tour 2019 Belgique
95%
2 (1+1+0) Tour 2022 Danemark
93%
3 (1+2+0) Tour 2014 Royaume-Uni
92%
11 (3+6+2) Vuelta 2022 Pays-Bas
89%
2 (0+0+2) Vuelta 2024 Portugal
89%
2 (0+2+0) Tour 2002 Luxembourg
85%
1 (0+1+0) Tour 1998 Irlande
79%
2 (1+1+0) Tour 2009 Monaco
73%
1 (1+0+0) Giro 1996 Grèce
72%
1 (1+0+0) Giro 1965 Saint-Marin
72%
1 (1+0+0) Giro 1974 Vatican
67%
1 (1+0+0) Giro 2022 Hongrie
60%
1 (1+0+0) Giro 2025 Albanie
58%
1 (1+0+0) Giro 2018 Israël
43%
Aucun quiz correspondant
Distribution des résultats
% des personnes avec chaque résultat
Percentile par nombre de réponses
Votre historique - résultats
Vous n’avez pas pris ce quiz